000 00392nam a2200169 4500
001 42301
090 _a42301
100 _a20231116 pory50
101 _aesp
102 _aESP
200 _aOlivenza , capital del toro
_fJosé Mauricio Rodriguez del Rincón
205 _a1.ª ed.
210 _a[S.l.]
_cCulbucks
_d2020
215 _av.
675 _a791.8
801 _aPT
_gRPC
990 _cLIVROS